El arte del ocio / (Record no. 79938)

MARC details
000 -LEADER
campo de control de longitud fija 00696nam a2200217 i 4500
001 - NÚMERO DE CONTROL
campo de control 79938
003 - IDENTIFICADOR DE NÚMERO DE CONTROL
campo de control ES-MaACL
005 - FECHA Y HORA DE LA ÚLTIMA TRANSACCIÓN
campo de control 20250930063101.0
007 - CAMPO FIJO DE DESCRIPCIÓN FÍSICA--INFORMACIÓN GENERAL
campo de control de longitud fija t|
008 - DATOS DE LONGITUD FIJA--INFORMACIÓN GENERAL
campo de control de longitud fija 041025s1978 sp ||||1| spa d
100 1# - ENTRADA PRINCIPAL--NOMBRE DE PERSONA
Nombre de persona Hesse, Hermann,
Fechas asociadas al nombre 1877-1962
9 (RLIN) 63472
245 13 - MENCIÓN DEL TÍTULO
Título El arte del ocio /
Mención de responsabilidad, etc. Hermann Hesse ; compilación de Volker Michels ; [traducción por Feliú Formosa y Mireia Bofill].
250 ## - MENCION DE EDICION
Mención de edición [1ª ed.].
260 ## - PUBLICACIÓN, DISTRIBUCIÓN, ETC.
Lugar de publicación, distribución, etc. [Barcelona] :
Nombre del editor, distribuidor, etc. Planeta,
Fecha de publicación, distribución, etc. [1978]
300 ## - DESCRIPCIÓN FÍSICA
Extensión 331 p. ;
Dimensiones 20 cm.
700 1# - ENTRADA AGREGADA--NOMBRE PERSONAL
Nombre de persona Michels, Volker.
9 (RLIN) 80933
700 1# - ENTRADA AGREGADA--NOMBRE PERSONAL
Nombre de persona Formosa, Feliu,
Fechas asociadas al nombre 1934-
9 (RLIN) 51759
700 1# - ENTRADA AGREGADA--NOMBRE PERSONAL
Nombre de persona Bofill, Mireia.
9 (RLIN) 29779
852 ## - LOCALIZACIÓN
Ubicación ES-MaACL
Número de control de estantería A-9306
Sublocalización o colección R.98380
Holdings
Estatus retirado Estado de pérdida Estado de daño No para préstamo Biblioteca de origen Biblioteca actual Ubicación en estantería Fecha de adquisición Fuente de adquisición Total de préstamos Signatura topográfica completa Código de barras Visto por última vez Precio de reemplazo Tipo de ítem Koha
        Biblioteca del Ateneo de Madrid Biblioteca del Ateneo de Madrid Depósito 1 17/01/2008     A-9306 1083584 23/02/2023 23/02/2023 Libro impreso